000 02234nam a2200373 i 4500
001 768714001
003 CO-MdFUSB
005 20260318090437.0
007 ta
008 241009t1992 -usabo|| |||| 001 0 spa d
020 _a978-0-8254-1456-5
040 _bspa.
_aCO-MdFUSB
_cCO-MdFUSB
_dCO-MdFUSBC
_erda
041 _aspa
_heng
082 _223
_a933
_bJ83
240 _aJosephus: The Essential Writings
245 1 _aJosefo :
_blos escritos esenciales
_c/ editado por Paul L. Maier ; traducido por Santiago Escuain
250 _aEdición ilustrada de antigüedades de los judíos y las guerras de los judíos
264 1 _aGrand Rapids, Michigan :
_bPortavoz,
_c[1992]
264 4 _c©1992
300 _a398 páginas
_b: ilustraciones, mapas, fotografías a blanco y negro
_c; 24 cm
336 _2rdacontent
_atexto
_btxt
337 _2rdamedia
_asin mediación
_bn
338 _2rdacarrier
_avolumen
_bnc
500 _aIncluye índice, ilustraciones, mapas, fotografías a blanco y negro
505 _gPrimera parte:
_tLas antigüedades de los judíos:
_aLos comienzos.-- Los patriarcas. -- Los hebreos en Egipto. -- Moisés y el éxodo. -- El Sinaí. -- La conquista de Canaán. -- Sansón y Samuel. -- Saúl. -- El rey David. -- Salomón y sus sucesores. -- El profeta Elías . -- El profeta Eliseo . -- Conquista, destrucción y cautiverio . -- El retorno a Jerusalén . -- De Ester a los ptolomeos . -- Los macabeos . -- La conquista romana . -- Herodes el Grande . -- Los gobernadores romanos .
_gSegunda parte:
_tLas guerras de los judíos:
_aSe desencadenan las hostilidades. -- Vespasiano conquista Galilea. -- Piratas, rebeldes y víctimas. -- Los zelotes en Jerusalén. -- Tito asedia la ciudad. -- Horrores en Jerusalén. -- La destrucción del templo y de la ciudad. -- De Roma a Masada.
563 _aRústica
630 0 7 _aBiblia.
_pAntiguo Testamento
650 7 _aJudíos
_9270
653 _aIsrael — Historia antigua. -- Judíos — Historia — Hasta 70 d.C. Biblia — Historia de los acontecimientos bíblicos. — Flavio Josefo — Obras
700 _aMaier, Paul L.
_910921
_eeditor
700 _aEscuain, Santiago.
_92132
_etraductor
942 _cBK
945 _aCatherine Arias Alvarez
999 _c71070
_d71070